01175nam a2200277 a 450000100060000000300090000600800410001502000150005604000280007108200170009911000650011624500300018126000560021130000220026750502560028965000520054565000420059765000390063965000390067865000490071765000270076665000330079365000420082694200120086899900170088010820CO-ViMGA141112s2004 ck r 000 u spa d a9586440567 aCO-ViMGAbspacCO-ViMGA04a918.861 C257 aCentro de Investigación y educación popular Cinep91476810aColombia pais de regiones aSantafé de Bogotá : bCinep Colciencias, c1998 a312p. : il. color aVol (1) : Región Noroccidental - Región Caribe Vol (2) : Región Santandereana - Región Cundiboyacense Vol (3) : Región alto Magdalena - Región Suroccidental Vol (4) : Región del Pacífico - Región Orinoquia - Región de la Amazonía14aCOLOMBIA - DESARROLLO ECONOMICO Y SOCIAL91476914aCOLOMBIA - GEOGRAFIA ECONOMICA91477014aCOLOMBIA - GEOGRAFIA FISICA91477114aCOLOMBIA - GEOGRAFIA FISICA91477114aCOLOMBIA - HISTORIA SIGLO XVIII - XIX91477214aCOLOMBIA HUMANA91477314aGEOGRAFIA DE COLOMBIA91477414aREGIONES NATURALES DE COLOMBIA914775 2ddccBK c22040d22040